[Event "Israel ch 2008"]
[Site "Haifa ISR"]
[Date "2008.12.11"]
[Round "9.13"]
[White "Gofshtein, Leonid D"]
[Black "Kataev, Simcho"]
[Result "1-0"]
[WhiteElo "2546"]
[BlackElo "2315"]
[PlyCount "41"]
[EventDate "2008.11.??"]
[EventType "team-tourn"]
[EventRounds "9"]
[EventCountry "ISR"]
[Source "lmi"]
[SourceDate "2008.11.30"]

1. Nf3 d5 2. d4 c6 3. c4 Nf6 4. Nc3 e6 5. e3 Nbd7 6. Qc2 Bd6 7. Be2 dxc4 8.
Bxc4 O-O 9. O-O e5 10. Bb3 a6 11. h3 c5 12. Rd1 Qc7 13. dxc5 Nxc5 14. Nd5 Nxd5
15. Bxd5 Ne6 16. Qxc7 Bxc7 17. Bd2 f6 18. Rac1 Rf7 19. Rc2 Bd7 20. Rxc7 Nxc7
21. Bxf7+ 1-0

[Event "Israel ch 2008"]
[Site "Haifa ISR"]
[Date "2008.12.11"]
[Round "9.14"]
[White "Aharon, Ofir"]
[Black "Popilsky, Gil"]
[Result "1/2-1/2"]
[WhiteElo "2118"]
[BlackElo "2394"]
[PlyCount "137"]
[EventDate "2008.11.??"]
[EventType "team-tourn"]
[EventRounds "9"]
[EventCountry "ISR"]
[Source "lmi"]
[SourceDate "2008.11.30"]

1. e4 c5 2. Nf3 e6 3. d3 Nc6 4. g3 g6 5. Bg2 Bg7 6. O-O Nge7 7. c3 e5 8. a3 a5
9. a4 d5 10. Nbd2 d4 11. Nc4 O-O 12. Qe2 b6 13. Ra3 Ba6 14. Ne1 Nc8 15. Kh1
N8a7 16. Bd2 b5 17. axb5 Nxb5 18. Ra2 Bc8 19. Qd1 Be6 20. Qa4 Qb8 21. Ra1 Rd8
22. f4 dxc3 23. bxc3 exf4 24. gxf4 Nxc3 25. Qxc6 Bxc4 26. e5 Bd5 27. Qxc5 Bxg2+
28. Nxg2 Ne4 29. dxe4 Rxd2 30. Qc6 Qd8 31. Rac1 Rb8 32. e6 Rbb2 33. Qc8 Bf8 34.
exf7+ Kxf7 35. f5 Qxc8 36. fxg6+ Kxg6 37. Rxc8 Rxg2 38. Rfxf8 Rxh2+ 39. Kg1
Rhe2 40. Rg8+ Kf6 41. Rgf8+ Ke6 42. Rc5 Rg2+ 43. Kf1 Rh2 44. Kg1 Rbg2+ 45. Kf1
Ra2 46. Kg1 Rhg2+ 47. Kf1 Rh2 48. Kg1 a4 49. Rff5 Rag2+ 50. Kf1 Rb2 51. Rce5+
Kd6 52. Rd5+ Kc6 53. Kg1 Rhg2+ 54. Kf1 Rh2 55. Rf6+ Kc7 56. Rf7+ Kb6 57. Kg1
Rhg2+ 58. Kf1 Rh2 59. Kg1 Rhe2 60. Rf6+ Kb7 61. Rd7+ Kc8 62. Ra7 Rb1+ 63. Rf1
Rxf1+ 64. Kxf1 Rxe4 65. Rxh7 Kb8 66. Kf2 a3 67. Rh1 Kb7 68. Ra1 Ra4 69. Ke3
1/2-1/2

[Event "Israel ch 2008"]
[Site "Haifa ISR"]
[Date "2008.12.11"]
[Round "9.15"]
[White "Tarnopolsky, Anatoly"]
[Black "Vasiliev, Olga"]
[Result "1-0"]
[WhiteElo "2301"]
[BlackElo "2235"]
[PlyCount "63"]
[EventDate "2008.11.??"]
[EventType "team-tourn"]
[EventRounds "9"]
[EventCountry "ISR"]
[Source "lmi"]
[SourceDate "2008.11.30"]

1. d4 d5 2. c4 dxc4 3. e3 Nf6 4. Bxc4 e6 5. Nf3 a6 6. Qe2 c5 7. dxc5 Bxc5 8.
O-O O-O 9. e4 b5 10. Bd3 Bb7 11. e5 Bxf3 12. gxf3 Nd5 13. Bxh7+ Kxh7 14. Qc2+
Kg8 15. Qxc5 Qh4 16. Nc3 Nd7 17. Qd6 Nxc3 18. bxc3 Rfd8 19. Qd4 Qh5 20. Re1
Qxf3 21. Bg5 Rdc8 22. Re3 Qf5 23. Be7 Nb8 24. Bf6 Rc4 25. Qd8+ Kh7 26. Rg3 Rg4
27. Rd1 gxf6 28. Rd4 Rxg3+ 29. hxg3 fxe5 30. Qh4+ Kg7 31. Rg4+ Kf8 32. Qd8# 1-0

[Event "Israel ch 2008"]
[Site "Haifa ISR"]
[Date "2008.12.11"]
[Round "9.16"]
[White "Kaplivatski, Alexander"]
[Black "Zak, Uri"]
[Result "1-0"]
[WhiteElo "2286"]
[BlackElo "2205"]
[PlyCount "53"]
[EventDate "2008.11.??"]
[EventType "team-tourn"]
[EventRounds "9"]
[EventCountry "ISR"]
[Source "lmi"]
[SourceDate "2008.11.30"]

1. e4 c5 2. Nf3 e6 3. d4 cxd4 4. Nxd4 a6 5. Nc3 b5 6. Bd3 Qb6 7. Nb3 Qc7 8. O-O
Bb7 9. Be3 Nf6 10. a3 d5 11. exd5 Nxd5 12. Nxd5 Bxd5 13. a4 bxa4 14. Rxa4 Qc6
15. Qg4 Nd7 16. Rfa1 Ne5 17. Qd4 Nxd3 18. Qxd3 Qc8 19. Rxa6 Rxa6 20. Qxa6 Qxa6
21. Rxa6 Be7 22. Ra7 Bf6 23. Bc5 Bxb2 24. c4 Bxc4 25. Ra8+ Kd7 26. Rxh8 Bxb3
27. Rb8 1-0

[Event "Israel ch 2008"]
[Site "Haifa ISR"]
[Date "2008.12.11"]
[Round "9.17"]
[White "Porat, Maya"]
[Black "Gukhvat, Peter"]
[Result "0-1"]
[WhiteElo "2167"]
[BlackElo "2196"]
[PlyCount "78"]
[EventDate "2008.11.??"]
[EventType "team-tourn"]
[EventRounds "9"]
[EventCountry "ISR"]
[Source "lmi"]
[SourceDate "2008.11.30"]

1. d4 Nf6 2. c4 c5 3. d5 e5 4. Nc3 d6 5. e4 Be7 6. Nf3 Nbd7 7. Be2 Nf8 8. O-O
Ng6 9. Re1 O-O 10. a3 h6 11. b4 b6 12. Qb3 Nh7 13. a4 a5 14. bxc5 bxc5 15. Rb1
f5 16. Qd1 Nh4 17. Nd2 Bg5 18. g3 Ng6 19. exf5 Bxd2 20. Bxd2 Bxf5 21. Rb3 Ng5
22. Bxg5 Qxg5 23. Qc1 Nf4 24. Bf1 Qg6 25. Qe3 Nd3 26. Re2 Nb4 27. Nb5 Rac8 28.
Bg2 Nc2 29. Qd2 Nd4 30. Nxd4 cxd4 31. f4 Rxc4 32. fxe5 Rc2 33. Qe1 dxe5 34.
Rxc2 Bxc2 35. Rb2 d3 36. Be4 d2 37. Qxd2 Bxe4 38. Qxa5 Qf5 39. Qe1 Qf3 0-1

[Event "Israel ch 2008"]
[Site "Haifa ISR"]
[Date "2008.12.11"]
[Round "9.18"]
[White "Miller, Evgeny"]
[Black "Vovinkina, Natalia"]
[Result "0-1"]
[WhiteElo "2291"]
[BlackElo "2147"]
[PlyCount "95"]
[EventDate "2008.11.??"]
[EventType "team-tourn"]
[EventRounds "9"]
[EventCountry "ISR"]
[Source "lmi"]
[SourceDate "2008.11.30"]

1. e4 e6 2. d4 d5 3. e5 c5 4. c3 Nc6 5. Nf3 Qb6 6. a3 Nh6 7. b4 cxb4 8. cxb4
Nf5 9. Be3 f6 10. b5 Nxe3 11. fxe3 Nd8 12. Bd3 Nf7 13. O-O f5 14. Nc3 Bd7 15.
Qb3 Be7 16. a4 g6 17. a5 Qd8 18. b6 axb6 19. axb6 O-O 20. Ne2 Rxa1 21. Rxa1 Bc6
22. Nf4 Qd7 23. h4 Kg7 24. Ra5 Rc8 25. Qb1 Bd8 26. Ra2 Qe7 27. h5 Nh6 28. Ra7
Kf7 29. hxg6+ hxg6 30. g4 Nxg4 31. Ra2 Bd7 32. Rg2 Qa3 33. Ne2 Nxe3 34. Rh2 Kg7
35. Bb5 Bxb5 36. Qxb5 Rc6 37. Nf4 Qa1+ 38. Kf2 Ng4+ 39. Kg3 Nxh2 40. Nxe6+ Kh6
41. Qb4 f4+ 42. Nxf4 Nf1+ 43. Kh3 Kg7 44. Qb5 Ne3 45. Ne6+ Rxe6 46. Qd7+ Re7
47. Qxd8 Qf1+ 48. Kh4 0-1

[Event "Israel ch 2008"]
[Site "Haifa ISR"]
[Date "2008.12.11"]
[Round "9.19"]
[White "Efroimski, Marsel"]
[Black "Chernomordik, Pavel"]
[Result "1-0"]
[WhiteElo "2052"]
[BlackElo "2302"]
[PlyCount "135"]
[EventDate "2008.11.??"]
[EventType "team-tourn"]
[EventRounds "9"]
[EventCountry "ISR"]
[Source "lmi"]
[SourceDate "2008.11.30"]

1. e4 g6 2. d4 Bg7 3. Nc3 d6 4. Be3 a6 5. Qd2 b5 6. f3 Nd7 7. g4 Bb7 8. h4 h5
9. g5 e6 10. Nce2 Nb6 11. b3 Ne7 12. Ng3 c5 13. Rd1 Qc7 14. dxc5 dxc5 15. N1e2
Nd7 16. Bh3 O-O-O 17. Qd6 Nc6 18. Qxc7+ Kxc7 19. Rd2 Nde5 20. Rxd8 Rxd8 21. O-O
Nd4 22. Nxd4 cxd4 23. Bd2 Kb6 24. f4 Ng4 25. Bxg4 hxg4 26. h5 gxh5 27. Nxh5
Bxe4 28. Nxg7 Rh8 29. Kf2 Rh2+ 30. Ke1 Bxc2 31. Rg1 d3 32. Bc3 Re2+ 33. Kf1 Rh2
34. Rg2 Rh1+ 35. Kf2 Bd1 36. Rg1 Rh2+ 37. Rg2 Rh3 38. Rg3 Rh2+ 39. Kg1 Rxa2 40.
Rxd3 Bf3 41. b4 Rg2+ 42. Kf1 Rc2 43. Bd4+ Kb7 44. Rc3 Rd2 45. Bf2 Rd1+ 46. Be1
Rd4 47. f5 exf5 48. Nxf5 Rd5 49. Nh6 Rxg5 50. Nxf7 Rd5 51. Bg3 Rd1+ 52. Kf2 Rd4
53. Bd6 Rc4 54. Ra3 Rc2+ 55. Ke1 Re2+ 56. Kf1 Rb2 57. Bc5 Be2+ 58. Kg1 Kc6 59.
Rxa6+ Kd5 60. Rd6+ Ke4 61. Rd4+ Kf3 62. Ng5+ Kg3 63. Ne4+ Kf3 64. Nd2+ Kg3 65.
Bd6+ Kh3 66. Kf2 Bf3 67. Bg3 Rc2 68. Rd8 1-0

[Event "Israel ch 2008"]
[Site "Haifa ISR"]
[Date "2008.12.11"]
[Round "9.20"]
[White "Atnilov, Bella"]
[Black "Igla, Bella"]
[Result "1/2-1/2"]
[WhiteElo "2119"]
[BlackElo "2254"]
[PlyCount "74"]
[EventDate "2008.11.??"]
[EventType "team-tourn"]
[EventRounds "9"]
[EventCountry "ISR"]
[Source "lmi"]
[SourceDate "2008.11.30"]

1. e4 c5 2. Nf3 d6 3. Bb5+ Nc6 4. Bxc6+ bxc6 5. O-O e5 6. h3 Nf6 7. c3 Be7 8.
d4 Qc7 9. dxe5 dxe5 10. Qe2 O-O 11. Bg5 Nh5 12. Be3 a5 13. Nbd2 Nf6 14. Nh2 Ba6
15. c4 Nd7 16. f4 exf4 17. Bxf4 Bd6 18. Bxd6 Qxd6 19. Nhf3 Rae8 20. Rad1 Bc8
21. Nb3 Qc7 22. Qd3 Re6 23. Rfe1 a4 24. Nc1 Ne5 25. Nxe5 Qxe5 26. Qc2 Rg6 27.
Rd3 Qh5 28. Qe2 Qg5 29. Qd2 Qxd2 30. Rxd2 Bxh3 31. Nd3 Be6 32. b3 axb3 33. axb3
Rg5 34. Nf4 Re5 35. Nd3 Rg5 36. Nf4 Re5 37. Nd3 Rg5 1/2-1/2